000 00470nam a2200145Ia 4500
008 100122s9999 xx 000 0 und d
082 _b40771
_a823.08
100 _aकुलकर्णी अनिल र
245 _aऐलतीर-पैलतीर
260 _bविश्वमोहिनी प्रकाशन
_c1987
300 _a158
630 _aऐलतीर-पैलतीर
730 _aऐलतीर-पैलतीर
942 _cBOOK
999 _c421586
_d421583